000 00644nam a2200229 a 4500
001 BRCA_7624
005 20190320205921.0
008 090713s1950----gw-a######---#000-0#ger-#
041 _ager
044 _agw
050 4 _aN7830
_b.H45 1950
245 1 0 _aDie Heiligen in der plastik
_cmit einer einfuhrung von Julius Baum.
260 _aStuttgart, Alemania
_bSchönen Bucher
_c1950
300 _a64 p.
_bil., 48 láminas
_c27 cm.
500 _aT33
650 1 4 _aArte y simbolismo cristianos
_94853
650 1 4 _aSantos
_xArte
_918807
650 1 4 _aEscultura
_93564
700 1 _aBaum, Julius
_eintr.
_918808
902 _aGFM
942 _2lcc
_cB
999 _c7298
_d7298